00744nam a2200253 a 4500001001300000003000900013005001700022008004100039020002300080082002100103100001800124245003400142260003600176300000900212500003500221505001000256650002200266650003000288700001800318902000800336942000700344952012200351999001700473nice12345678IN_TiNIC20260116013738.0050524s1992 newa grp 000 0 eng  a8173042 c10000a306.0899145bKUM aKumar, Dharma aLand and Caste in South India aNew Delhi bManohar Pub. c1992 a211p aincludes index and biblioraphy2 aIndex aCaste-South India aCaste-Agricultural Labour1 aKumar, Dharma bSRS cBK 001040708StackRoom-aHMIbHMId2007-04-02g100.00l0o306.0899145 KUMp018617r2007-04-02v100.00w2005-05-24yBK c12270d12270